• 首页
  • 本馆介绍
  • 公告通知
  • 最新文献
  • 馆藏检索
  • 电子资源
  • 读者导购
  • 参考咨询
  • 我的图书馆
  • 登录
  • 详细信息显示
  • 放入我的书架
  • 预约/预借图书
  • 作者相关作品
  • 分类相关作品
  • 丛书相关作品
  • 出版社相关作品

书目信息

  • 表格格式
  • 工作单格式
  • 卡片格式
题名:
中国现代信息技术教育发展的理论与实践
    
 
作者: 李运林 著
分册:  
出版信息: 广州   广东人民出版社  2016
页数: 450页
开本: 24cm
丛书名:
单 册:
中图分类: G43
科图分类:
主题词: 电化教育--dian hua jiao yu--研究--中国 , 信息技术--xin xi ji shu--应用--教育工作--研究--中国
电子资源:
ISBN: 978-7-218-11310-4
000 01186nam0 22002651 450
001 0119165257
005 20170619165257.0
010    @a978-7-218-11310-4@b精装@dCNY60.00
100    @a20170104d2016 em y0chiy50 ea
101 0  @achi
102    @aCN@b440000
105    @aa z 000yy
106    @ar
200 1  @a中国现代信息技术教育发展的理论与实践@9zhong guo xian dai xin xi ji shu jiao yu fa zhan de li lun yu shi jian@e从电化教育到信息化教育@f李运林著
210    @a广州@c广东人民出版社@d2016
215    @a450页@c照片@d24cm
300    @a本书第四章《信息化教育新理论研究》是国家社会科学基金教育学一般课题《信息化教育的新理论、新媒体与心模式的研究》(课题批准号BCA110023)研究成果
330    @a本书分为5章,内容包括:“现代信息技术教育(电化教育—信息化教育)的理论基础—传播理论”、“电化教育学科专业建设”和“电化教育学科理论建设”等。
517 1  @a从电化教育到信息化教育@9cong dian hua jiao yu dao xin xi hua jiao yu
606 0  @a电化教育@9dian hua jiao yu@x研究@y中国
606 0  @a信息技术@9xin xi ji shu@x应用@x教育工作@x研究@y中国
690    @aG43@v5
701  0 @a李运林@9li yun lin@f(1936-)@4著
801  0 @aCN@b百万庄@c20170616
905    @b1011285-90@dG43@e126@f6
    
    中国现代信息技术教育发展的理论与实践:从电化教育到信息化教育/李运林著.-广州:广东人民出版社,2016
    450页:照片;24cm
    本书第四章《信息化教育新理论研究》是国家社会科学基金教育学一般课题《信息化教育的新理论、新媒体与心模式的研究》(课题批准号BCA110023)研究成果
    
    ISBN 978-7-218-11310-4(精装):CNY60.00
    本书分为5章,内容包括:“现代信息技术教育(电化教育—信息化教育)的理论基础—传播理论”、“电化教育学科专业建设”和“电化教育学科理论建设”等。
●
相关链接 在E读中查询图书 在五车中查询图书 在当当中查询图书 在豆瓣中查询图书


正题名:中国现代信息技术教育发展的理论与实践     索取号:G43/126         预约/预借

序号 登录号 条形码 馆藏地/架位号 状态 备注
1 1011285   210112858   第一样本阅览室/ [索取号:G43/126] 在馆    
2 1011286   210112867   教育系资料室/ [索取号:G43/126] 在馆    
3 1011287   210112876   教育系资料室/ [索取号:G43/126] 在馆    
4 1011288   210112885   教育系资料室/ [索取号:G43/126] 在馆    
5 1011289   210112894   第四借阅区/ [索取号:G43/126] 在馆    
6 1011290   210112901   第四借阅区/ [索取号:G43/126] 在馆    
唐山师范学院图书馆 欢迎您!
大连网信软件有限公司© 版权所有